000 00240nam a2200097Ia 4500
001 921866
005 20250826191433.0
008 250824s9999 xx 000 0 und d
245 0 _aBABAMIN ŞARKISI
_cİSMAİL ÖZEN
260 _bKETEBE YAYINLARI
999 _c921866
_d921866